INDIAN ECONOMY: (Record no. 204404)

MARC details
000 -LEADER
fixed length control field 00686nam a22001937a 4500
005 - DATE AND TIME OF LATEST TRANSACTION
control field 20240724161335.0
010 ## - LCCN (DPL NO)
LC control number ENG-140859
020 ## - INTERNATIONAL STANDARD BOOK NUMBER
Terms of availability 850.00
International Standard Book Number 9789355329486
035 ## - SYSTEM CONTROL NUMBER
System control number EN-124391
037 ## - SOURCE OF ACQUISITION
Source of stock number/acquisition DBAD/PUB
082 ## - DEWEY DECIMAL CLASSIFICATION NUMBER
Classification number 330.954
100 ## - MAIN ENTRY--PERSONAL NAME
Personal name Srirangam sriram
245 ## - TITLE STATEMENT
Title INDIAN ECONOMY:
Remainder of title For UPSC State Public Services Examinations /
Statement of responsibility, etc Sriram Srirangam
250 ## - EDITION STATEMENT
Edition statement 1
260 ## - PUBLICATION, DISTRIBUTION, ETC. (IMPRINT)
Place of publication, distribution, etc Chennai
Name of publisher, distributor, etc Pearson India Education Services ( India) Pvt Limited
Date of publication, distribution, etc 2022
270 ## - ADDRESS
City Chennai
Address 15th Floor, Tower-B, World Trade Tower ,Plot No. 1, Block - C, Sector-16, Noida 201 301, UP
Postal code 600119
300 ## - PHYSICAL DESCRIPTION
Extent 50.12vpp.
Dimensions 26(pb)
942 ## - ADDED ENTRY ELEMENTS (KOHA)
Source of classification or shelving scheme Dewey Decimal Classification
Item type English Books
Classification part 3030.954
Call number suffix GAM
Holdings
Withdrawn status Lost status Not for loan Collection code Home library Current library Date acquired Source of acquisition Cost, normal purchase price Full call number Barcode Copy number Cost, replacement price Koha item type
      Non-fiction Patel Nagar Patel Nagar 24/07/2024 DBAD 850.00 330.954 SRI EN-124491 1 850.00 English Books

© Delhi Public Library
Hit Counter
free hit counter